00843nam a2200217 i 4500001000300000111005200003245017800055260004500233300003500278504002400313650003000337650002500367655002900392015001800421020001500439040000800454041000800462080001600470008004100486856009800527bg2 aIWA Specialized Conferenced(2005 ;cKraków).10aNutrient management in wastewater treatment processes and recycle streams :bIWA Specialized Conference, Kraków, Poland, 19-21 September 2005 : the conference proceedings. aKraków :bLemtech Konsulting,c[2005]. a[12], 1480 s. :bil. ;c25 cm. aBibliogr. przy ref. 9aOczyszczalnia ścieków 9aŚciekixgospodarka aMateriały konferencyjne aPB 14500/2006 a8392114019 cBPK apol a628.32(061) s pl f |000 0 pol  uhttp://koha.tu.koszalin.pl/cgi-bin/koha/opac-detail.pl?biblionumber=53243yKatalog online BPK